Leading in the era of economic uncertainty / (Record no. 144026)

MARC details
000 -LEADER
fixed length control field 00718nam a22002297a 4500
005 - DATE AND TIME OF LATEST TRANSACTION
control field 20170905100502.0
008 - FIXED-LENGTH DATA ELEMENTS--GENERAL INFORMATION
fixed length control field 170905b xxu||||| |||| 00| 0 eng d
010 ## - LCCN (DPL NO)
LC control number B-328497
020 ## - INTERNATIONAL STANDARD BOOK NUMBER
International Standard Book Number 9788129113634
Terms of availability 375.00
035 ## - SYSTEM CONTROL NUMBER
System control number B-328497
037 ## - SOURCE OF ACQUISITION
Source of stock number/acquisition UBH
082 ## - DEWEY DECIMAL CLASSIFICATION NUMBER
Classification number 330
100 ## - MAIN ENTRY--PERSONAL NAME
Personal name by Ram Charan
245 ## - TITLE STATEMENT
Title Leading in the era of economic uncertainty /
Statement of responsibility, etc by Ram Charan
300 ## - PHYSICAL DESCRIPTION
Extent 192p.
Dimensions 23cm(pbk)
600 ## - SUBJECT ADDED ENTRY--PERSONAL NAME
Personal name Advani, L. K.,
Dates associated with a name 1927-
610 ## - SUBJECT ADDED ENTRY--CORPORATE NAME
Corporate name or jurisdiction name as entry element Bharatiya Janata Party
Form subdivision Biography.
650 ## - SUBJECT ADDED ENTRY--TOPICAL TERM
Topical term or geographic name as entry element Politicians
Geographic subdivision India
Form subdivision Biography.
651 ## - SUBJECT ADDED ENTRY--GEOGRAPHIC NAME
Geographic name India
General subdivision Politics and government
Chronological subdivision 1947-
942 ## - ADDED ENTRY ELEMENTS (KOHA)
Source of classification or shelving scheme Dewey Decimal Classification
Item type English Books
Classification part 330
Call number suffix RAM
Holdings
Withdrawn status Lost status Source of classification or shelving scheme Damaged status Not for loan Collection code Home library Current library Date acquired Source of acquisition Cost, normal purchase price Total Checkouts Full call number Barcode Date last seen Copy number Cost, replacement price Koha item type
  Written-off vide DLB M. No. 383 dt 16.05.19 Dewey Decimal Classification     Non-fiction Patel Nagar Patel Nagar 05/09/2017 UBH/007/13.4.2009 375.00   330 RAM B-328497 05/09/2017 1 375.00 English Books

© Delhi Public Library
Hit Counter
free hit counter